[Event "Syre Memorial op 36th"]
[Site "Issy les Moulineaux"]
[Date "2013.05.10"]
[Round "5"]
[White "Rodriguez, Adrien"]
[Black "Dicanot, David"]
[Result "1-0"]
[WhiteElo "2041"]
[BlackElo "1880"]
[PlyCount "53"]
[EventDate "2013.05.08"]
[EventType "swiss"]
[EventRounds "7"]
[EventCountry "FRA"]
[SourceTitle "EXT 2015"]
[Source "ChessBase"]
[SourceDate "2014.11.20"]
[SourceVersion "1"]
[SourceVersionDate "2014.11.20"]
[SourceQuality "1"]

1. d4 Nf6 2. Nf3 g6 3. c4 Bg7 4. Nc3 d5 5. cxd5 Nxd5 6. Bd2 c5 7. Rc1 0-0 8. dxc5 a5 9. Qb3 Nxc3 10. Bxc3 a4 11. Qa3 Bxc3+ 12. Rxc3 Qa5 13. e3 Nc6 14. Be2 Rd8 15. 0-0 e5 16. Bc4 h6 17. e4 Kg7 18. Bd5 f6 19. h3 h5 20. Re1 Nb4 21. Nd2 Nxd5 22. Nc4 Qb4 23. exd5 Qxa3 24. Rxa3 Rxd5 25. Nb6 Rxc5 26. Nxa8 b5 27. Rc3 1-0

[Event "Syre Memorial op 33th"]
[Site "Issy les Moulineaux"]
[Date "2010.05.15"]
[Round "3"]
[White "Blachon, Pascal"]
[Black "Dicanot, David"]
[Result "0-1"]
[WhiteElo "2138"]
[BlackElo "1959"]
[PlyCount "62"]
[EventDate "2010.05.13"]
[EventType "swiss"]
[EventRounds "6"]
[EventCountry "FRA"]
[SourceTitle "EXT 2011"]
[Source "ChessBase"]
[SourceDate "2010.11.26"]
[SourceVersion "1"]
[SourceVersionDate "2010.11.26"]
[SourceQuality "1"]

1. d4 Nf6 2. c4 g6 3. Nc3 d5 4. cxd5 Nxd5 5. e4 Nxc3 6. bxc3 Bg7 7. Qa4+ Bd7 8. Qa3 0-0 9. Nf3 Nc6 10. Rb1 b6 11. Be2 e5 12. Bg5 Bf6 13. Be3 Re8 14. d5 Na5 15. 0-0 Nb7 16. c4 Be7 17. Qc1 f6 18. Ne1 c5 19. f4 Bf8 20. Nd3 exf4 21. Nxf4 Nd6 22. Ne6 Bxe6 23. dxe6 Rxe6 24. Bf3 Nxe4 25. Rd1 Qe8 26. Rb3 Rd8 27. Re1 f5 28. Kh1 Rd7 29. Bg1 Ng3+ 30. hxg3 Rxe1 31. Qg5 Bg7 0-1